Memoria
Guardat en:
| Format: | Text |
|---|---|
| Publicat: |
San José
|
| Etiquetes: |
Afegir etiqueta
Sense etiquetes, Sigues el primer a etiquetar aquest registre!
|
MARC
| LEADER | 00000 a a2200000 04500 | ||
|---|---|---|---|
| 001 | 38655 | ||
| 003 | |||
| 040 | |a CRAI/IIS |c CRAI/IIS | ||
| 090 | |a 0005 P964p | ||
| 245 | |a Memoria | ||
| 260 | |a San José | ||
| 300 | |a p. irreg. | ||
| 999 | |c 16704 |d 16704 | ||
